Október 6-nak emlékezete
Elmentve itt :
| Dokumentumtípus: | Cikk |
|---|---|
| Megjelent: |
1916-10-07
|
| Sorozat: | Délmagyarország
5 No. 235 |
| Kulcsszavak: | Megemlékezés Szeged 1916, Évfordulós ünnepség 1848 |
| Online Access: | http://dmarchiv.bibl.u-szeged.hu/58136 |
| LEADER | 00439nab a2200145 i 4500 | ||
|---|---|---|---|
| 001 | delm58136 | ||
| 005 | 20180927144621.0 | ||
| 008 | 180927s1916 hu o 0|| hun d | ||
| 040 | |a SZTE Délmagyarország Archívum |b hun | ||
| 041 | |a hun | ||
| 245 | 0 | 0 | |a Október 6-nak emlékezete |h [elektronikus dokumentum] |
| 260 | |c 1916-10-07 | ||
| 300 | |a 6-7 | ||
| 490 | 0 | |a Délmagyarország |v 5 No. 235 | |
| 695 | |a Megemlékezés Szeged 1916, Évfordulós ünnepség 1848 | ||